Au service de la France (Record no. 120472)
[ view plain ]
| 000 -LEADER | |
|---|---|
| campo de control de longitud fija | 00937nam a2200205 i 4500 |
| 001 - NÚMERO DE CONTROL | |
| campo de control | 120472 |
| 003 - IDENTIFICADOR DE NÚMERO DE CONTROL | |
| campo de control | ES-MaACL |
| 005 - FECHA Y HORA DE LA ÚLTIMA TRANSACCIÓN | |
| campo de control | 20251015063126.0 |
| 007 - CAMPO FIJO DE DESCRIPCIÓN FÍSICA--INFORMACIÓN GENERAL | |
| campo de control de longitud fija | t| |
| 008 - DATOS DE LONGITUD FIJA--INFORMACIÓN GENERAL | |
| campo de control de longitud fija | 070214m19291933fr r ||||1| fre d |
| 100 1# - ENTRADA PRINCIPAL--NOMBRE DE PERSONA | |
| Nombre de persona | Poincaré, Raymond, |
| Fechas asociadas al nombre | 1860-1934 |
| 9 (RLIN) | 92753 |
| 245 10 - MENCIÓN DEL TÍTULO | |
| Título | Au service de la France |
| Resto del título | : neuf années de souvenirs / |
| Mención de responsabilidad, etc. | Raymond Poincaré. |
| 260 ## - PUBLICACIÓN, DISTRIBUCIÓN, ETC. | |
| Lugar de publicación, distribución, etc. | Paris : |
| Nombre del editor, distribuidor, etc. | Plon-Nourrit, |
| Fecha de publicación, distribución, etc. | 1929-1933. |
| 300 ## - DESCRIPCIÓN FÍSICA | |
| Extensión | 10 v., 54 lám. ; |
| Dimensiones | 23 cm. |
| 505 8# - NOTA DE CONTENIDO CON FORMATO | |
| Nota de contenido con formato | Contiene: Vol I. Le lendemain d'Agadir -- Vol II. Les Balkans en feu -- Vol III. L'Europe sous les armes -- Vol IV. L'Unión sacrée -- Vol. V. L'invasion -- Vol VI. Les tranchées -- Vol. VII. Guerre de siècle -- Vol. VIII. Verdun --Vol IX. L'année trouble -- Vol X. Victoire et armistice. |
| 651 #4 - PUNTO DE ACCESO ADICIONAL DE MATERIA--NOMBRE GEOGRÁFICO | |
| Nombre geográfico | Francia- |
| Subdivisión general | Política exterior- |
| Subdivisión cronológica | S.XX. |
| 9 (RLIN) | 163712 |
| 651 #4 - PUNTO DE ACCESO ADICIONAL DE MATERIA--NOMBRE GEOGRÁFICO | |
| Nombre geográfico | Europa- |
| Subdivisión general | Historia- |
| Subdivisión cronológica | 1871-1918. |
| 9 (RLIN) | 8607 |
| 852 ## - LOCALIZACIÓN | |
| Ubicación | ES-MaACL |
| Número de control de estantería | C-22156-65 |
| Estatus retirado | Estado de pérdida | Estado de daño | No para préstamo | Biblioteca de origen | Biblioteca actual | Ubicación en estantería | Fecha de adquisición | Fuente de adquisición | Total de préstamos | Signatura topográfica completa | Código de barras | Visto por última vez | Precio de reemplazo | Tipo de ítem Koha |
|---|---|---|---|---|---|---|---|---|---|---|---|---|---|---|
| Biblioteca del Ateneo de Madrid | Biblioteca del Ateneo de Madrid | Mesetón | 17/01/2008 | C-22156-65 | 1125575 | 23/02/2023 | 23/02/2023 | Libro impreso |
